| 000 | 00786nam a2200253 i 4500 | ||
|---|---|---|---|
| 001 | 22024 | ||
| 003 | ES-MaACL | ||
| 005 | 20250801090214.0 | ||
| 007 | t| | ||
| 008 | 021129s1979 sp ||||1| spa d | ||
| 020 | _a84-265-7242-1 | ||
| 080 | _a929 Alfaro López, José | ||
| 080 | _a791/793(460.27 M.) | ||
| 100 | 1 |
_aAlfaro López, José. _919817 |
|
| 245 | 1 | 0 |
_aMadrid : _bprimera década s. XX, 1901-1910 / _cJosé Alfaro López. |
| 260 |
_aMadrid : _bMagisterio Español, _c[1979] |
||
| 300 |
_a280 p., 5 lám. ; _c18 cm. |
||
| 490 | 1 |
_aNovelas y cuentos ; _v241 |
|
| 650 | 4 |
_aEspectáculos- _zMadrid. _9173035 |
|
| 651 | 4 |
_aMadrid- _xUsos y costumbres- _yS.XX. _98992 |
|
| 830 | 1 | 0 |
_aNovelas y cuentos _v241 _9179596 |
| 852 |
_aES-MaACL _jA-10484 |
||
| 999 |
_c22024 _d22024 |
||